Score 0/254 Timer 15:00
0 Plays Today
% Correct
A
98.6%
A
98.6%
A
98.6%
and
98.6%
and
98.6%
the
98.6%
The
98.6%
a
98.6%
and
98.6%
and
98.6%
And
98.6%
the
98.6%
a
98.6%
and
98.6%
a
98.6%
and
98.6%
the
98.6%
the
98.6%
and
98.6%
and
98.6%
the
98.6%
the
98.6%
The
98.6%
the
98.6%
the
98.6%
and
98.6%
and
98.6%
the
98.6%
a
98.6%
and
98.6%
and
98.6%
a
98.6%
A
98.6%
A
98.6%
a
98.6%
The
98.6%
The
98.6%
the
98.6%
The
98.6%
The
98.6%
a
98.6%
a
98.6%
A
98.6%
A
98.6%
and
98.6%
and
98.6%
and
98.6%
the
98.6%
the
98.6%
and
98.6%
the
98.6%
the
98.6%
and
98.6%
the
98.6%
the
98.6%
and
98.6%
the
98.6%
and
98.6%
The
98.6%
The
98.6%
and
98.6%
the
98.6%
the
98.6%
and
98.6%
bear
90.7%
bear,
90.7%
bear!
90.7%
bear!
90.7%
bear!
90.7%
bear
90.7%
bear,
90.7%
Bear!
90.7%
Bear!
90.7%
bear!
90.7%
Bear,
90.7%
Bear,
90.7%
Bear
90.7%
Bear
90.7%
bear!
90.7%
Bear!
90.7%
Bear,
90.7%
bear
90.7%
bear
90.7%
bear
90.7%
Bear!
90.7%
% Correct
Bear!
90.7%
fair!
88.3%
fair?
88.3%
fair!
88.3%
fair,
88.3%
fair,
88.3%
fair,
88.3%
fair,
88.3%
fair
88.3%
maiden
84.9%
I
82.8%
maid
81.4%
maid
81.4%
maid,
81.4%
maid
81.4%
hair!
75.9%
hair!
75.9%
hair!
75.9%
hair,
75.9%
hair!
75.9%
hair!
75.9%
hair!
75.9%
hair!
75.9%
hair!
75.9%
hair!
75.9%
hair!
75.9%
he,
75.6%
He
75.6%
he
75.6%
He
75.6%
He
75.6%
there
73.9%
there,
73.9%
there!
73.9%
there!
73.9%
in
73.2%
in
73.2%
in
73.2%
in
73.2%
in
73.2%
was,
72.2%
was,
72.2%
brown,
69.8%
brown,
69.8%
her
69.8%
Her
69.8%
her
69.8%
her
69.8%
brown
69.8%
her
69.8%
Her
69.8%
Her
69.8%
her
69.8%
brown
69.8%
with
69.4%
with
69.4%
with
69.4%
with
69.4%
with
69.4%
covered
68.4%
covered
68.4%
covered
68.4%
covered
68.4%
All
67%
All
67%
all
67%
All
67%
All
67%
Oh
66.3%
Oh
66.3%
Oh!
66.3%
Oh
66.3%
black
65.3%
black
65.3%
black
65.3%
black
65.3%
to
63.2%
to
63.2%
To
63.2%
to
63.2%
she
58.1%
She
58.1%
she
58.1%
she
58.1%
she
58.1%
% Correct
honey
57.7%
honey
57.7%
Honey
57.7%
honey
57.7%
honey
57.7%
from
54.3%
From
54.3%
from
54.3%
from
54.3%
here!
45.4%
here
45.4%
it
44%
so
44%
so
44%
said,
43%
said
43%
they
42.3%
They
42.3%
they
42.3%
But
40.9%
But
40.9%
but
40.9%
licked
40.5%
licked
40.5%
on
40.2%
on
40.2%
on
40.2%
dance
39.2%
dance
39.2%
I'm
33.7%
I'm
33.7%
I'm
33.7%
for
32.6%
come
32%
come
32%
my
31.6%
went
30.6%
danced
28.2%
way
28.2%
Then
27.8%
off
26.8%
smelled
25.4%
air!
25.4%
smelled
25.4%
air!
25.4%
I'll
25.4%
hairy
25.4%
I'll
25.4%
hairy
25.4%
air!
25.4%
air,
25.4%
smelled
25.4%
air,
25.4%
dancing
24.4%
never
24.4%
never
24.4%
you're
23.7%
summer
22.3%
summer
22.3%
summer
22.3%
road,
22%
sweet
22%
sang
22%
pure
21.3%
pure
21.3%
down
21%
Three
20.3%
knight!
19.6%
goat,
18.9%
Lifted
17.9%
kicked
17.9%
kicked
17.9%
boys,
17.5%
spun
17.5%
sniffed
17.5%
high,
17.5%
roared
16.5%
called
16.2%
into
15.8%
scent,
15.1%
scent,
15.1%
squealed,
14.4%
sighed
13.1%
wailed,
12%

You're not logged in!

Compare scores with friends on all Sporcle quizzes.
OR
Log In

Sporcle TV

Today on Sporcle TV


Watch our educational content, quiz creation guides, and fun videos on Sporcle TV.

Show Comments

Extras

Top Quizzes Today


Score Distribution

Paid Content

Your Account Isn't Verified!

In order to create a playlist on Sporcle, you need to verify the email address you used during registration. Go to your Sporcle Settings to finish the process.

Report this User

Report this user for behavior that violates our Community Guidelines.

Details: